| 000 | 00653nam a22001937i 4500 | ||
|---|---|---|---|
| 999 |
_c23564 _d23564 |
||
| 003 | AR-CdUCM | ||
| 008 | 260331b20232023 pea|||| |||| 00| 0 spa d | ||
| 020 | _a978-612-331-057-8 | ||
| 040 |
_aMUNICIPALIDAD PROVINCIAL DEL CUSCO _cBIBLIOTECA MUNICIPAL DEL CUSCO |
||
| 041 | _hspa | ||
| 082 |
_aPI / 551 _bV66 |
||
| 100 |
_aVillaseca Robertson, Andrea _952414 |
||
| 245 | _aLibro de actividades para niñas y niños Geocientíficos / | ||
| 260 |
_aLima-Perú: _bUniversidad Ricardo Palma - Editorial Universitaria _c2023 |
||
| 300 |
_a51 páginas. : _c23x17 cm. |
||
| 505 | _aActividades para niños | ||
| 942 |
_2ddc _cLIBROS |
||
| 945 |
_apbjr _d31-03-2026 |
||